Paroles - Anastasia Paris tu nous ouvres ton coeur - Statistiques

Statistiques générales
  • Ce quiz a été pris 89 fois
  • Le résultat moyen est 150 sur 203
Statistiques - réponses
Chanteur Paroles % Correct
cœur
100%
nous
100%
Le sculpteur
100%
100%
Paris
100%
ton
100%
tu
100%
de
97%
la
97%
à
94%
dans
92%
Chœurs Dans
92%
ma
92%
ouvres
92%
un
92%
est
89%
c'est
86%
en
86%
Et
86%
et
86%
le
86%
te
86%
tout
86%
Sophie Tout
86%
une
86%
bonheur
83%
France
83%
Chœurs | Une Parisienne Oh
83%
oh
83%
je
81%
fleur
78%
jolie
78%
Un Parisien L'amour
78%
l'amour
78%
son
78%
ta
75%
ville
75%
au
72%
Danseurs de cancan Au
72%
Cancan
72%
Danse
72%
mie
72%
Tiens
72%
vie
72%
belle
69%
vive
69%
Sophie Voici
69%
choisis
64%
dis
64%
donc
64%
Les
64%
place
64%
rouge
64%
chante
61%
enfance
61%
moulin
61%
rendra
61%
Sophie Voilà
61%
voilà
61%
vous
61%
découvrons
58%
du
58%
ensemble
58%
j'en
58%
j'lui
58%
joie
58%
m'éloigne
58%
Moi
58%
princesse
58%
regrets
58%
transforme
58%
vivre
58%
Un vieux monsieur y
58%
rose
56%
si
56%
temps
56%
viens
56%
vois
56%
jeux
53%
offres
53%
BOUGE
50%
couleurs
50%
l'air
50%
dessous
47%
dessus
47%
long
47%
rue
47%
sont
47%
aux
44%
Un aviateur Y'a
44%
Bras
42%
d'l'amour
42%
faits
42%
quand
42%
Quand
42%
qui
42%
beau
39%
bergère
39%
comme
39%
folies
39%
jour
39%
Eperdu
36%
froufrou
36%
nuit
31%
Des Parisiens Bonjour
28%
succombe
28%
lieu
25%
met
25%
chanter
22%
fou
22%
t'es
22%
Un sculpteur Oublie
19%
d'être
17%
entière
17%
morose
17%
trouverons
11%
ville-lumière
11%
Aucun quiz correspondant
Distribution des résultats
% des personnes avec chaque résultat
Percentile par nombre de réponses
Votre historique - résultats
Vous n’avez pas pris ce quiz